The Nazi extermination of homosexuals /

Guardat en:
Dades bibliogràfiques
Autor principal: Rector, Frank
Format: Llibre
Idioma:anglès
Publicat: New York : Stein and Day, 1981.
Matèries:
Etiquetes: Afegir etiqueta
Sense etiquetes, Sigues el primer a etiquetar aquest registre!

MARC

LEADER 00000pam a2200000 i 4500
001 390972
003 loc
005 20251006154326.0
008 791126s1981 nyuaf b 001 0 eng
010 |a  79003708  
020 |a 0812827295 
040 |a DLC  |c DLC  |d DLC 
043 |a e-gx--- 
050 0 0 |a HQ76.2.G4  |b R4 
082 0 0 |a 301.41/57/0943 
100 1 |a Rector, Frank. 
245 1 4 |a The Nazi extermination of homosexuals /  |c Frank Rector. 
260 |a New York :  |b Stein and Day,  |c 1981. 
300 |a 189 p., [8] leaves of plates :  |b ill. ;  |c 25 cm. 
500 |a Includes index. 
504 |a Bibliography: p. 179-182. 
610 2 0 |a Nationalsozialistische Deutsche Arbeiter-Partei. 
650 0 |a Male homosexuality  |z Germany  |x History. 
942 |2 ddc  |c BK 
952 |0 0  |1 0  |2 ddc  |4 0  |6 940_531800000000000_REC  |7 1  |9 518  |a RM  |b RM  |d 2024-01-18  |l 0  |o 940.5318 REC  |p 554  |r 2024-01-18 16:53:12  |w 2024-01-18  |y BK 
999 |c 442  |d 442